000 00923pam a2200313 a 4500
001 1632979
003 OSt
005 20140310181956.0
008 960207s1996 nyu j 000 1 eng
010 _a 96003494
020 _a0590897985
040 _aDLC
_cDLC
_dDLC
042 _alcac
050 0 0 _aPZ 7
_b.H587 1996
082 0 0 _aKF
_bH46m 1996
100 1 _aHesse, Karen.
_94785
245 1 4 _aThe music of dolphins /
_cKaren Hesse.
260 _aNew York :
_bScholastic Inc.,
_cc1996.
300 _a181 p. ;
_c19 cm.
541 _j1
541 _j2
562 _e2
650 1 _aFeral children
_xFiction.
_94786
650 1 _aDiaries
_xFiction.
_94787
906 _a7
_bcbc
_corignew
_d1
_eocip
_f19
_gy-gencatlg
942 _2lcc
_cBK-KF
_kKF
999 _c7933
_d7933